[Event "Cappelle op"]
[Site "Cappelle la Grande"]
[Date "1998.??.??"]
[Round "2"]
[White "Bigaliev, Renat"]
[Black "Chuchelov, Vladimir"]
[Result "0-1"]
[WhiteElo "2425"]
[BlackElo "2545"]

1.e4 c5 2.Nc3 e6 3.Nge2 a6 4.d4 cxd4 5.Nxd4 b5 6.Bd3 Qb6 7.Nb3 Qc7 8.O-O Bb7
9.Be3 Nf6 10.a3 Be7 11.f4 d6 12.Qf3 O-O 13.Qh3 Nbd7 14.Rae1 Rfe8 15.Nd4 Nc5
16.Bf2 d5 17.e5 Nfe4 18.Bxe4 Nxe4 19.Nxe4 dxe4 20.Be3 Bd5 21.Rd1 Bf8 22.Qg3 g6
23.Rf2 Bg7 24.Rfd2 Red8 25.Ne2 a5 26.Qf2 Rdc8 27.Nc3 Bc6 28.Bc5 Qb7 29.Qe3 b4
30.axb4 axb4 31.Ne2 Bd5 32.Bd6 Ra2 33.Rb1 Qa6 34.Bxb4 Rxb2 35.Rxb2 Qa1+ 36.Kf2 Qxb2
37.c3 Qa1 38.Rc2 h6 39.Bc5 Bc4 40.Bd4 Bd3 41.Qc1 Qa4 42.Rd2 Bf8 43.Qb2 Ra8
44.Qb7 Qa1 45.Qb2 Qh1 46.Kg3 Qf1 47.Nc1 Bc4 48.Rf2 Qd1 49.Qc2 Qe1 50.Qd2 Qh1
51.Be3 Ra1 52.Kh3 h5 53.f5 exf5 54.Qd8 f4 55.Bc5 Be6+ 56.g4 fxg3 57.Kxg3 Qg1+
58.Kf4 Qxc1+  0-1

[Event "Creon op"]
[Site "Creon"]
[Date "1998.??.??"]
[Round "1"]
[White "Cleran, Fabrice"]
[Black "Boudre, Jean Pierre"]
[Result "0-1"]
[WhiteElo "2065"]
[BlackElo "2380"]

1.e4 c5 2.Nf3 e6 3.d4 cxd4 4.Nxd4 a6 5.Nc3 Qc7 6.Be3 Nf6 7.Be2 Bb4 8.Bd2 Bxc3
9.Bxc3 Nxe4 10.Bb4 Qb6 11.c3 Nc6 12.Ba3 d5 13.O-O Bd7 14.Bf3 O-O-O 15.Nb3 Ne5
16.Bxe4 dxe4 17.Bc5 Qc6 18.Bd4 Nd3 19.Qe2 e5 20.Be3 Qg6 21.Kh1 f5 22.f3 f4
23.fxe4 Qxe4 24.Rfd1 Bf5  0-1

[Event "CZE-ch U18"]
[Site "CZE"]
[Date "1998.??.??"]
[Round "?"]
[White "Soukup, Jiri"]
[Black "Cvek, Robert"]
[Result "0-1"]
[WhiteElo "2030"]
[BlackElo "2455"]

1.e4 c5 2.Nf3 e6 3.d4 cxd4 4.Nxd4 a6 5.Nc3 Qc7 6.Be2 Nf6 7.O-O d6 8.Be3 Be7
9.f4 Nc6 10.Kh1 O-O 11.Nb3 b5 12.a3 Bb7 13.Bf3 Nd7 14.Bg4 Nf6 15.Bf3 Rfe8
16.Qe2 Rac8 17.Qf2 Nd7 18.Rad1 Na5 19.Nxa5 Qxa5 20.e5 Bxf3 21.Qxf3 d5 22.Bd4 Qc7
23.Qe2 Bc5 24.Rf3 Bxd4 25.Rxd4 Qc5 26.Qe3 Nb6 27.b4 Qc7 28.Qc1 Nd7 29.Qe1 f6
30.exf6 Nxf6 31.Re3 Qf7 32.Qe2 Rc6 33.Nd1 Rec8 34.c3 Ne4 35.g3 Nxc3 36.Nxc3 Rxc3
37.Rd2 Rxe3 38.Qxe3 Rc6 39.Qe5 Qc7 40.Rxd5 Rc1+ 41.Kg2 Qc6 42.Qb8+ Kf7 43.Qa7+ Kg6
44.f5+ exf5 45.Qd4 Kf7 46.Qd3 Qc2+ 47.Kh3 Qxd3 48.Rxd3 Ke6 49.a4 Rc4 50.axb5 axb5
51.Rb3 Kd5 52.Rd3+ Rd4 53.Re3 Rxb4 54.Re7 Rg4 55.Kg2 b4 56.Rf7 b3 57.Rb7 Kc4  0-1

[Event "CZE-ch U18"]
[Site "CZE"]
[Date "1998.??.??"]
[Round "?"]
[White "Isa, J."]
[Black "Koutecky, Vaclav"]
[Result "1/2-1/2"]
[WhiteElo "1770"]
[BlackElo "1920"]

1.e4 c5 2.Nf3 e6 3.d4 cxd4 4.Nxd4 a6 5.Nc3 Qc7 6.g3 b5 7.a3 Bb7 8.Bg2 Nf6
9.O-O Be7 10.Nb3 O-O 11.Bf4 d6 12.Qe2 Nbd7 13.Rad1 Rfd8 14.Nc1 Nb6 15.Nd3 Nc4
16.Bc1 Rac8 17.a4 bxa4 18.Nxa4 d5 19.exd5 Bxd5 20.Bxd5 Nxd5 21.b3 Ncb6 22.Nxb6 Qxb6
23.Nf4 Nxf4 24.Bxf4 Bf6 25.Rxd8+ Rxd8 26.Rd1 Rxd1+ 27.Qxd1 Bd4 28.Qd2 h5
29.Be3 Bxe3 30.Qxe3 Qc6 31.Qd3 g6  1/2-1/2

[Event "CZE-ch U18"]
[Site "CZE"]
[Date "1998.??.??"]
[Round "?"]
[White "Bernard, Borek"]
[Black "Hoffmann, M."]
[Result "1/2-1/2"]
[WhiteElo "1925"]
[BlackElo "2070"]

1.e4 c5 2.Nf3 e6 3.d4 cxd4 4.Nxd4 a6 5.Nc3 Qc7 6.g3 Bb4 7.Bd2 Nc6 8.Nxc6 bxc6
9.Bg2 d5 10.O-O Ne7 11.Nxd5 Nxd5 12.exd5 Bxd2 13.Qxd2 cxd5 14.Qd4 O-O 15.c4 Bb7  1/2-1/2

[Event "Moravia-chT 9899"]
[Site "CZE"]
[Date "1998.??.??"]
[Round "4"]
[White "Pisk, Petr"]
[Black "Jaworski, Miroslaw"]
[Result "0-1"]
[WhiteElo "2310"]
[BlackElo "2395"]

1.e4 c5 2.Nc3 e6 3.Nf3 a6 4.d4 cxd4 5.Nxd4 Qc7 6.Be2 Nf6 7.O-O Be7 8.f4 d6
9.Be3 Nbd7 10.Bf3 h6 11.f5 e5 12.Ne6 fxe6 13.Bh5+ Kd8 14.fxe6 Nc5 15.Nd5 Nxd5
16.exd5 Nxe6 17.dxe6 Bxe6 18.Bf7 Qd7 19.c4 Rf8 20.Bb6+ Kc8 21.Qh5 Bd8 22.Bxe6 Bxb6+
23.c5 Bxc5+ 24.Kh1 Rxf1+ 25.Rxf1 Qxe6 26.Rf8+ Kc7 27.Rxa8 Qxa2 28.h4 Qb1+
29.Kh2 Qg1+ 30.Kh3 Qh1+ 31.Kg3 Qe1+ 32.Kh3 Qe3+ 33.Qf3 e4 34.Qxe3 Bxe3 35.Kg4 Bd4
36.b3 Be5 37.Rf8 Kc6 38.Rf1 Kc5 39.Kf5 e3 40.Ke4 e2 41.Rc1+ Kb4 42.Kd3 Kxb3
43.Kxe2 a5 44.Rb1+ Bb2 45.Rd1 a4 46.Rxd6 b5 47.Rd3+ Bc3  0-1

[Event "Moravia-chT 9798"]
[Site "CZE"]
[Date "1998.??.??"]
[Round "5.6"]
[White "Markovic, Ivan2"]
[Black "Potomak, Vladimir"]
[Result "1/2-1/2"]
[WhiteElo "2210"]
[BlackElo "2215"]

1.e4 c5 2.Nf3 e6 3.d4 cxd4 4.Nxd4 a6 5.Nc3 Qc7 6.g3 Nc6 7.Bg2 d6 8.O-O Bd7
9.a4 Be7 10.Nb3 b6 11.f4 Rb8 12.Qe2 Nb4 13.Be3 Nf6 14.h3 O-O 15.g4 d5 16.e5 Ne4
17.Nxe4 dxe4 18.Bxe4 Bc6 19.Bxc6 Qxc6 20.c3 Nd5 21.Nd4 Qd7 22.Rf3 b5 23.axb5 axb5
24.Bf2 Rfc8 25.Ra5 b4 26.c4 Qc7 27.Rb5 Rxb5 28.cxb5 Nxf4 29.Qe4 Qc1+ 30.Kh2 g5
31.Nc6 Bc5 32.Bxc5 Qxc5 33.Qe3 Qxe3 34.Rxe3 Rc7 35.Re4 Rb7 36.Rxb4 Nd3 37.Rb3 Nc5
38.Rb4 Nd3 39.Rb3 Nc5 40.Rc3 Rxb5 41.b4 Nd7 42.Rd3 Rb6 43.Rc3 Nb8 44.Nd8 Rxb4
45.Rc7 Rb2+ 46.Kg3 Rb3+ 47.Kg2 Rb2+ 48.Kg1 Rb1+ 49.Kg2 Rb2+ 50.Kf3 Na6 51.Ra7 Rb8
52.Nxf7 Rf8 53.Rxa6 Rxf7+ 54.Ke3 Re7 55.Kd4 Kf7 56.Kc5 Rd7 57.Rd6 Ra7 58.Rb6 Rd7
59.Rd6 Ra7 60.Kc6 Ra6+ 61.Kc7 Ra7+ 62.Kc6 Ra6+ 63.Kc7 Ra7+  1/2-1/2

[Event "Moravia-chT 9798"]
[Site "CZE"]
[Date "1998.??.??"]
[Round "7.4"]
[White "Hrabe, Petr"]
[Black "Vavra, Pavel"]
[Result "1/2-1/2"]
[WhiteElo "2290"]
[BlackElo "2340"]

1.e4 c5 2.Nf3 e6 3.d4 cxd4 4.Nxd4 a6 5.Nc3 Qc7 6.Bd3 Nf6 7.Qe2 d6 8.Bg5 Be7
9.O-O-O Nc6 10.Nxc6 bxc6 11.f4 Rb8 12.Kb1 Qa5 13.Qd2 Qb4 14.b3 a5 15.e5 Nd5
16.Nxd5 cxd5 17.Bxe7 Qxd2 18.Rxd2 Kxe7 19.exd6+ Kxd6 20.c4 dxc4 21.Bxc4+ Ke7
22.Rhd1 Bb7 23.Rd7+ Kf6 24.g3 Rhc8 25.Kc2 Bd5 26.Kc3 a4 27.Rd2 axb3 28.axb3 h5
29.Kd4 Rb4 30.Rc2 Rcb8 31.Rd2  1/2-1/2

[Event "CZE-chT2 9798"]
[Site "CZE"]
[Date "1998.??.??"]
[Round "8.7"]
[White "Kawaciukova, Zuzana"]
[Black "Mrkos, Miroslav"]
[Result "1-0"]
[WhiteElo "2100"]
[BlackElo "2120"]

1.e4 c5 2.Nf3 e6 3.d4 cxd4 4.Nxd4 a6 5.Nc3 Qc7 6.Be2 Nf6 7.O-O Nc6 8.Nxc6 dxc6
9.f4 Bc5+ 10.Kh1 e5 11.Qe1 Bd4 12.Qh4 exf4 13.Bxf4 Be5 14.Bg5 Be6 15.Rad1 Nd7
16.Nd5 cxd5 17.exd5 Bxd5 18.Rxd5 Nb6 19.Rd3 f6 20.Bh5+ Kf8 21.Bxf6 gxf6 22.Rxf6+ Bxf6
23.Qxf6+ Kg8 24.Rg3+  1-0

[Event "POL-ch sf"]
[Site "Czestochowa"]
[Date "1998.??.??"]
[Round "10"]
[White "Jasik, Krzysztof"]
[Black "Kaszowski, Dariusz"]
[Result "0-1"]
[WhiteElo "2220"]
[BlackElo "2295"]

1.e4 c5 2.Nf3 e6 3.d4 cxd4 4.Nxd4 a6 5.Nc3 Qc7 6.Bd3 Nf6 7.O-O Bc5 8.Nb3 Be7
9.f4 d6 10.Qe2 Nbd7 11.Kh1 b5 12.Bd2 Bb7 13.Rae1 b4 14.Nd1 a5 15.c3 d5 16.exd5 Nxd5
17.c4 N5f6 18.Ne3 O-O 19.Ng4 Nxg4 20.Qxg4 a4 21.Nd4 Nc5 22.Bb1 Qd6 23.Bxb4 f5
24.Qg3 Qxd4 25.Bc3 Bh4 26.Bxd4 Bxg3 27.Bxc5 Bxe1 28.Bxf8 Kxf8 29.Rxe1 Rd8
30.Kg1 Rd2 31.g3 Rxb2 32.Bd3 Rxa2 33.Rxe6 Rg2+ 34.Kf1 a3 35.Re5 a2 36.Rxf5+ Kg8
37.Ra5 Rxh2 38.Ke1 Rb2  0-1

[Event "Dieren op"]
[Site "Dieren"]
[Date "1998.??.??"]
[Round "5"]
[White "Remmel, Tim"]
[Black "Hendriks, Richard"]
[Result "1-0"]
[WhiteElo "2220"]
[BlackElo "2080"]

1.e4 c5 2.Nf3 e6 3.Nc3 a6 4.d4 cxd4 5.Nxd4 b5 6.Bd3 Qb6 7.Nb3 Bb7 8.Be3 Qc7
9.O-O Nf6 10.a3 Be7 11.f4 Bc6 12.Qe2 d6 13.Rae1 Nbd7 14.Nd4 Bb7 15.Bf2 Nb6
16.e5 Nfd5 17.exd6 Bxd6 18.Nxe6 fxe6 19.Qxe6+ Be7 20.Ne4 Rd8 21.Ng5 Qd6 22.Qf7+ Kd7
23.Re6 Kc8 24.Rxd6 Rxd6 25.Qf5+ Kb8 26.Nf7 Rf8 27.Nxd6 Rxf5 28.Nxf5 Bf6 29.c3 Na4
30.Nd6 Nxb2 31.Be4 Ba8 32.Bd4 Nxc3 33.Bxc3 Bxc3 34.Bxa8 Kxa8 35.g4 Bd4+ 36.Kg2 Bc5
37.Ne8 Nc4 38.Kg3 g6 39.Nf6 h6 40.a4 Bd4 41.axb5 axb5 42.Nd5 Kb7 43.Re1 g5
44.f5 Be5+ 45.Kg2 Kc6 46.Ne7+ Kc5 47.Ng8 b4 48.f6 b3 49.f7 Bg7 50.Nf6 Nd2
51.Nh5 Bf8 52.Re8 Bd6 53.Rd8 b2 54.Rxd6 Kxd6 55.f8=Q+ Kd5 56.Qf5+  1-0

[Event "Dos Hermanas op"]
[Site "Dos Hermanas"]
[Date "1998.??.??"]
[Round "2"]
[White "Ferrer Garcia, I."]
[Black "Illescas Cordoba, Miguel"]
[Result "0-1"]
[WhiteElo "2135"]
[BlackElo "2600"]

1.e4 c5 2.Nf3 e6 3.d4 cxd4 4.Nxd4 a6 5.Nc3 Qc7 6.g3 Nf6 7.Bg2 d6 8.O-O Be7
9.a4 O-O 10.Qe2 Nc6 11.Nb3 b6 12.Be3 Bb7 13.Rad1 Ne5 14.f4 Nc4 15.Bc1 Rac8
16.Kh1 e5 17.f5 h6 18.h4 Na5 19.Rf2 Qc4 20.Nxa5 bxa5 21.Qf3 Qb4 22.Re2 Rc4
23.g4 d5 24.Qg3 d4 25.g5 hxg5 26.hxg5 dxc3 27.gxf6 Bxf6 28.b3 Rxe4 29.Bxe4 Bxe4+
30.Kg1 Bxf5 31.Rh2 Qg4 32.Qxg4 Bxg4 33.Rd5 Rd8 34.Rxd8+ Bxd8 35.Kf2 f5 36.Ke3 Bg5+  0-1

[Event "IRL-ch"]
[Site "Dublin"]
[Date "1998.??.??"]
[Round "8"]
[White "O'Donovan, Richard"]
[Black "Daly, Colin"]
[Result "0-1"]
[WhiteElo "2195"]
[BlackElo "2295"]

1.e4 c5 2.Nf3 e6 3.d4 cxd4 4.Nxd4 a6 5.Nc3 Qc7 6.Bd3 Nf6 7.O-O Bd6 8.h3 Nc6
9.Be3 Bf4 10.Bxf4 Qxf4 11.Nde2 Qc7 12.Qd2 d6 13.Qe3 O-O 14.a4 b6 15.Ra3 Bb7
16.f4 Ne7 17.b4 Nd7 18.Nd4 Nc6 19.Nxc6 Bxc6 20.Ne2 a5 21.b5 Bb7 22.Rc3 Qd8
23.Nd4 Nc5 24.Ra3 Kh8 25.Nb3 Rc8 26.Nxc5 Rxc5 27.Raa1 Rc3 28.f5 f6 29.fxe6 Re8
30.Qd4 Qc7 31.e5 dxe5 32.Qh4 e4 33.Bxe4 Qc5+ 34.Rf2 Bxe4 35.Qxe4 Re3 36.Qc6 Qxc6
37.bxc6 R3xe6 38.c7 Rc6 39.Rb1 h6 40.Rd2 Rxc7 41.Rxb6 Re4 42.Ra6 Rc5 43.c4 Rexc4
44.Ra2 Rb4 45.Ra7 h5 46.Kh2 Kh7 47.Kg3 Rf5 48.Kh2 h4 49.Ra1 Rb2 50.Rc7 Rff2
51.Rg1 Rfc2 52.Rd7 Rb4 53.Ra1 Rc5 54.Ra7 Rg5 55.Ra2 Rb1 56.Rf2 Rb4 57.Ra2 Kg6
58.Rc7 Kh6 59.Rc8 Rd5 60.Ra8 Rd1 61.Rxa5 Rbb1 62.g4 g6 63.Rc5 Rh1+ 64.Kg2 Rbg1+
65.Kf2 Rg3 66.Rac2 Rhxh3 67.a5 Rxg4  0-1

[Event "Centrocoop June op-A"]
[Site "Eforie Nord "]
[Date "1998.??.??"]
[Round "?"]
[White "Ciornei, Dragos"]
[Black "Vajda, Albert"]
[Result "1-0"]
[WhiteElo "2100"]
[BlackElo "2400"]

1.e4 c5 2.Nf3 e6 3.d4 cxd4 4.Nxd4 a6 5.Nc3 Qc7 6.g3 Nc6 7.Bg2 Nge7 8.Nb3 Ng6
9.O-O Be7 10.a4 O-O 11.f4 b6 12.Be3 Bb7 13.Qe2 Rab8 14.Rfd1 Na5 15.Nxa5 bxa5
16.Ba7 Bxe4 17.Bxb8 Bc5+ 18.Kh1 Bxg2+ 19.Qxg2 Rxb8 20.b3 h5 21.Ne4 Be7 22.Rd3 d5
23.Ng5 Bxg5 24.fxg5 Qe5 25.Rad1 Qxg5 26.Qd2 Qf5 27.Qe2 Rc8 28.c4 Ne5 29.Re3 Ng4
30.Rf1 Qg6 31.Ref3 dxc4 32.bxc4 Nh6 33.Rb3 Qg5 34.Rb6 Rc5 35.Qe4 Nf5 36.Rxa6 g6
37.Ra8+ Kg7 38.Qf4 Qe7 39.Qb8 Kf6 40.h4 e5 41.Ra7 Rc8 42.Rxf5+ gxf5 43.Ra6+ Kg7
44.Qxc8 Qb4 45.Qc6  1-0

[Event "Centrocoop Sept op-B"]
[Site "Eforie Nord"]
[Date "1998.??.??"]
[Round "?"]
[White "Sandu, Marius Stefan"]
[Black "Todirel, Ileana Sinziana"]
[Result "1-0"]
[WhiteElo "2150"]
[BlackElo "2135"]

1.e4 c5 2.Nf3 e6 3.d4 cxd4 4.Nxd4 a6 5.Nc3 Qc7 6.Be3 Nf6 7.f4 d6 8.Be2 Be7
9.Bf3 Nbd7 10.O-O O-O 11.Qe1 Rb8 12.Qg3 Rd8 13.f5 e5 14.Nb3 b5 15.a3 Bb7
16.Rad1 Rbc8 17.h4 Nb6 18.Bh6 Bf8 19.Bg5 Be7 20.h5 Ne8 21.f6 Bxf6 22.Bxf6 Nxf6
23.h6 g6 24.Qg5 Nbd7 25.Rf2 Rf8 26.Rdf1 Qd8 27.g4 Ne8 28.Qe3 Nc5 29.Nxc5 Rxc5
30.g5 Qe7 31.Rd2 Nc7 32.Bg2 Bc8 33.Rf6 Be6 34.Bh3 Ne8 35.Rf3 Rc7 36.Rdf2 Rd7
37.Bxe6 Qxe6 38.Nd5 Rd8 39.Rf1 Qg4+ 40.Rg3 Qe6 41.Qb6 Rc8 42.c3 f5 43.Qb7 Rf7
44.Qxa6 Rc4 45.Qa8 Rc8 46.Qa5 fxe4 47.Rxf7 Qxf7 48.Qxb5 Rc5 49.Qxe8+ Qxe8
50.Nf6+ Kf7 51.Nxe8 Kxe8 52.Kf2 Ke7 53.Ke3 d5 54.Rg2 Rc7 55.Rf2 Rb7 56.a4 Ra7
57.b3 Rb7 58.b4 Rc7 59.Rc2 Rc4 60.a5 Kd6 61.a6 Kc6 62.Ra2 Rxc3+ 63.Ke2 Rh3
64.Ra5 d4 65.a7 d3+ 66.Kd2 Rh2+ 67.Kc3 d2 68.a8=Q+ Kd6 69.Qd5+ Ke7 70.Ra7+ Ke8
71.Qg8+  1-0

[Event "Centrocoop Sept op-A"]
[Site "Eforie Nord"]
[Date "1998.??.??"]
[Round "?"]
[White "Kazacov, P."]
[Black "Florescu, Codrut"]
[Result "1-0"]
[WhiteElo "2240"]
[BlackElo "2320"]

1.e4 c5 2.Nf3 e6 3.Nc3 a6 4.d4 cxd4 5.Nxd4 d6 6.Bc4 Nf6 7.O-O Be7 8.Bb3 O-O
9.Be3 Nc6 10.f4 Qc7 11.Kh1 Rd8 12.Qe1 Nxd4 13.Bxd4 e5 14.Be3 exf4 15.Bxf4 Be6
16.Qg3 Nd7  1-0

[Event "Centrocoop Sept op-B"]
[Site "Eforie Nord"]
[Date "1998.??.??"]
[Round "?"]
[White "Istrati, Viorica"]
[Black "Todirel, Ileana Sinziana"]
[Result "1-0"]
[WhiteElo "2145"]
[BlackElo "2135"]

1.e4 c5 2.Nf3 e6 3.d4 cxd4 4.Nxd4 a6 5.Nc3 Qc7 6.Be3 Nf6 7.f3 d6 8.Qd2 Be7
9.g4 Nc6 10.g5 Nd7 11.O-O-O Nce5 12.f4 Nc4 13.Bxc4 Qxc4 14.f5 Ne5 15.Bf4 Qc7
16.fxe6 fxe6 17.Bxe5 dxe5 18.Nde2 Bd7 19.Qe3 O-O-O 20.Rhf1 Rdf8 21.h4 Bc5
22.Qh3 b5 23.a3 Rf2 24.Rxf2 Bxf2 25.Rf1 Rf8 26.Kb1 Qd6 27.h5 Qd2 28.Nc1 Bc5
29.Nb3 Rxf1+ 30.Qxf1 Qf2 31.Qd3 Be7 32.a4 Bxg5 33.Qd6 bxa4 34.Qxa6+ Kd8 35.Na5 Bd2
36.Nb7+ Kc7 37.Qd6+ Kc8 38.Nc5 Be8 39.Qxe6+ Kc7 40.Nd5+ Kd8 41.Qe7+  1-0

[Event "Eger Agria op"]
[Site "Eger Agria"]
[Date "1998.??.??"]
[Round "2"]
[White "Meszaros, Andras"]
[Black "Sandor, Tamas"]
[Result "1-0"]
[WhiteElo "2350"]
[BlackElo "2120"]

1.e4 c5 2.Nf3 e6 3.d4 cxd4 4.Nxd4 a6 5.Nc3 Qc7 6.Be2 Nf6 7.O-O Be7 8.f4 d6
9.Kh1 Nbd7 10.Bf3 h5 11.a4 Rb8 12.Be3 Qa5 13.Bg1 Qb4 14.a5 Qc4 15.Re1 Qc7
16.Qe2 Kf8 17.Bf2 b5 18.e5 dxe5 19.fxe5 Ng4 20.Bxg4 hxg4 21.Bg3 Rh6 22.Qxg4 Rg6
23.Qxg6  1-0

[Event "FRA-chJM3"]
[Site "FRA"]
[Date "1998.??.??"]
[Round "5"]
[White "Libiszewski, Fabien"]
[Black "Aranovitch, Gregory"]
[Result "1/2-1/2"]
[WhiteElo "2215"]
[BlackElo "2060"]

1.e4 c5 2.Nf3 e6 3.d4 cxd4 4.Nxd4 a6 5.Nc3 Qc7 6.Bd3 Nf6 7.O-O Be7 8.Kh1 d6
9.f4 Nbd7 10.Qe1 b5 11.a3 Bb7 12.Qg3 g6 13.Re1 e5 14.Nb3 Nh5 15.Qf2 Nxf4
16.Bxf4 exf4 17.Qxf4 O-O 18.Rad1 Bf6 19.Nb1 Be5 20.Qh4 Nc5 21.Nxc5 dxc5 22.c3 Rad8
23.Bc2 f6 24.Nd2 b4 25.axb4 cxb4 26.Bb3+ Kg7 27.cxb4 Bxb2 28.Nf3 Rxd1 29.Rxd1 Rd8
30.Rxd8 Qxd8 31.e5 Bxf3 32.Qxf6+ Qxf6 33.exf6+ Kxf6 34.gxf3 Bc3 35.Bc4  1/2-1/2

[Event "Oberliga Nord O9899"]
[Site "GER"]
[Date "1998.??.??"]
[Round "?"]
[White "Maxion, Dirk"]
[Black "Barna, Andre"]
[Result "1/2-1/2"]
[WhiteElo "2245"]
[BlackElo "2145"]

1.e4 c5 2.Nf3 e6 3.d4 cxd4 4.Nxd4 a6 5.Nc3 Qc7 6.g3 Bb4 7.Ne2 Nf6 8.Bg2 d6
9.O-O O-O 10.a3 Bc5 11.b3 e5 12.h3 Be6 13.Kh2 Nc6 14.Bg5 Ne8 15.Qd2 Rc8 16.Be3 Nd4  1/2-1/2

[Event "NRW-Liga II 9899"]
[Site "GER"]
[Date "1998.??.??"]
[Round "1"]
[White "Konson, Konstantin"]
[Black "Stoeckmann, Helmut"]
[Result "1-0"]
[WhiteElo "2225"]
[BlackElo "2240"]

1.e4 c5 2.Nf3 e6 3.d4 cxd4 4.Nxd4 a6 5.Nc3 d6 6.Be2 Nf6 7.O-O Be7 8.Be3 O-O
9.f4 Nbd7 10.Kh1 Qc7 11.a4 b6 12.Bf3 Bb7 13.Qe1 Rfe8 14.Qg3 Nc5 15.e5 Nfe4
16.Nxe4 Nxe4 17.Bxe4 Bxe4 18.f5 exf5 19.Nxf5 Bxf5 20.Rxf5 dxe5 21.Raf1 f6
22.Bh6 Bd8 23.h4 Kh8 24.Be3 Qxc2 25.h5 Rc8 26.Qh3 Rc4 27.h6 g6 28.R5f2 Qxa4
29.Bg5 Qc6 30.Bxf6+ Bxf6 31.Rxf6 Qc5 32.R6f2 Rg8 33.Qe6 Rh4+ 34.Kg1 Rxh6
35.Qf6+ Rg7 36.Qd8+ Rg8 37.Qf6+ Rg7 38.b4 Qd4 39.Qf8+ Rg8 40.Qxh6  1-0

[Event "NRW-Liga II 9899"]
[Site "GER"]
[Date "1998.??.??"]
[Round "1"]
[White "Peschlow, Patrick"]
[Black "Kaiser, Richard"]
[Result "1-0"]
[WhiteElo "2145"]
[BlackElo "2315"]

1.e4 c5 2.Nf3 e6 3.d4 cxd4 4.Nxd4 a6 5.Nc3 Qc7 6.g3 Nf6 7.Bg2 Nc6 8.O-O Be7
9.Re1 Nxd4 10.e5 Nc6 11.exf6 gxf6 12.Bh6 d6 13.Qg4 Ne5 14.Rxe5 fxe5 15.Qg7 Rf8
16.Qxh7 Bd7 17.Bxf8 Bxf8 18.Bf3 Bc6 19.Bh5 d5 20.Re1 e4 21.Ne2 e5 22.Qf5 Qe7
23.c4 d4 24.Nc1 Rd8 25.Nd3 Bg7 26.Nc5 Kf8 27.Bxf7 Qxf7 28.Ne6+ Kg8 29.Qxf7+ Kxf7
30.Nxd8+ Ke7 31.Nxc6+ bxc6 32.Rxe4 Kd6 33.b4 c5 34.a3 cxb4 35.axb4 a5 36.bxa5 Kc5
37.Kf1 Bf6 38.Ke2 Kxc4 39.a6 Kc3 40.a7 d3+ 41.Kd1  1-0

[Event "BL2-W9798"]
[Site "Germany"]
[Date "1998.??.??"]
[Round "?.6"]
[White "Blaskowski, Johannes"]
[Black "Ruzele, Darius"]
[Result "1-0"]
[WhiteElo "2280"]
[BlackElo "2525"]

1.e4 c5 2.Nf3 e6 3.d4 cxd4 4.Nxd4 a6 5.Nc3 b5 6.g4 Bb7 7.Bg2 b4 8.Nce2 Nf6
9.Ng3 d5 10.e5 Nfd7 11.f4 Bc5 12.c3 Nc6 13.O-O Qb6 14.Be3 O-O 15.Kh1 a5 16.Nh5 Rfe8
17.Rf3 Rac8 18.Rh3 bxc3 19.bxc3 Nxd4 20.cxd4 Bf8 21.f5 Rc3 22.Qe1 Rc2 23.f6 Ba6
24.Rd1 g5 25.Bxg5 Qb2 26.Nf4 Rec8 27.Qh4 h6 28.Bxh6 Rc1 29.Qg5+  1-0

[Event "BL2-S9798"]
[Site "Germany"]
[Date "1998.??.??"]
[Round "?.5"]
[White "Gerigk, Erasmus"]
[Black "Arnold, Lothar"]
[Result "1-0"]
[WhiteElo "2275"]
[BlackElo "2350"]

1.e4 c5 2.Nf3 e6 3.Nc3 a6 4.d4 cxd4 5.Nxd4 Qc7 6.g3 Nc6 7.Bg2 Nf6 8.O-O Be7
9.Re1 Nxd4 10.e5 Nb5 11.exf6 gxf6 12.Nxb5 axb5 13.Qg4 Qxc2 14.Be4 Qa4 15.Qg7 Rf8
16.Bh6 Qd4 17.Qxh7 Qxb2 18.Rac1 f5 19.Bxf8 Bxf8 20.Bxf5 Qg7 21.Qh5 Bb4 22.Re2 Bc3
23.Re4 b4 24.Bh7 d5 25.Rg4 Qe5 26.Rg8+ Ke7 27.Qxe5 Bxe5 28.Rgxc8 Rxa2 29.Rb1 Bd4
30.Rc2  1-0

[Event "BL2-Mitte 9900 (Women)"]
[Site "Germany"]
[Date "1998.??.??"]
[Round "?"]
[White "Grabarska, Barbara"]
[Black "Glaser, Andrea"]
[Result "1-0"]
[WhiteElo "2202"]
[BlackElo "2025"]

1.e4 c5 2.Nf3 e6 3.d4 cxd4 4.Nxd4 a6 5.Nc3 Qc7 6.g3 b5 7.Bg2 Bb7 8.O-O Nf6
9.Re1 d6 10.Bg5 Be7 11.Bxf6 Bxf6 12.Ndxb5 axb5 13.Nxb5 Qb6 14.Nxd6+ Ke7 15.Nxb7 Qxb7
16.e5  1-0

[Event "Oberliga Ost B9798"]
[Site "Germany"]
[Date "1998.??.??"]
[Round "?.3"]
[White "Balzar, Andreas"]
[Black "Kuban, Guenther"]
[Result "1-0"]
[WhiteElo "2315"]
[BlackElo "2270"]

1.e4 c5 2.Nf3 e6 3.d4 cxd4 4.Nxd4 a6 5.Nc3 d6 6.Bc4 Nf6 7.Bb3 Be7 8.g4 Nc6
9.g5 Nxd4 10.Qxd4 Nh5 11.Rg1 Qa5 12.Be3 O-O 13.O-O-O g6 14.Kb1 Rd8 15.f4 Bd7
16.Qd2 b6 17.Qf2 Rab8 18.f5 gxf5 19.Rd5 exd5 20.Nxd5 Re8 21.Qh4 Bd8 22.Qxh5 Rxe4
23.Nf6+ Bxf6 24.Qxf7+  1-0

[Event "Oberliga Ost B9798"]
[Site "Germany"]
[Date "1998.??.??"]
[Round "?.2"]
[White "Margolin, Boris"]
[Black "Rasik, Vitezslav"]
[Result "1/2-1/2"]
[WhiteElo "2395"]
[BlackElo "2465"]

1.e4 c5 2.Nf3 e6 3.Nc3 a6 4.d4 cxd4 5.Nxd4 Qc7 6.Be3 Nf6 7.Bd3 b5 8.f4 b4
9.Nb1 Bb7 10.Nd2 Bc5 11.Qf3 O-O 12.O-O Nc6 13.N4b3 Bxe3+ 14.Qxe3 e5 15.Nc4 Rae8
16.Qb6 Qxb6+ 17.Nxb6 d6 18.a3 bxa3 19.Rxa3 Nb8 20.Ra4 Bc6 21.Rb4 d5 22.exd5 Nxd5
23.Nxd5 Bxd5 24.fxe5 Rxe5 25.Nd4 g6 26.Rb6 h5 27.Rd6 Bb7 28.c3 Kg7 29.Bc4 Rg5
30.Rxf7+ Rxf7 31.Ne6+ Kh6 32.Nxg5 Rf4 33.Bd3 h4 34.Rxg6+ Kh5 35.Rg8 Nd7 36.Ne6 Rf6
37.Rh8+ Rh6 38.Be2+ Kg6 39.Bd3+ Kh5 40.Rxh6+ Kxh6 41.Kf2 a5 42.g3 hxg3+ 43.hxg3 Bd5
44.Nf4 Bb3 45.Ke3 Kg5 46.Bb5 Ne5 47.Be2 Nf7 48.Nd3 Nd6 49.Nc5 Bd5 50.Kd4 Bg2
51.Ke5 Nf7+ 52.Ke6 Nh6 53.g4 Nxg4 54.Bxg4 Kxg4 55.Nb3 Kf4 56.Nxa5 Ke3 57.Ke5 Kd3
58.c4 Kc2 59.b3 Kc3 60.Kd6 Kb4 61.Nc6+ Kxb3 62.c5 Kc4  1/2-1/2

[Event "Haarlem AKN op"]
[Site "Haarlem"]
[Date "1998.??.??"]
[Round "3"]
[White "Van Haastert, Edwin"]
[Black "Miezis, Normunds"]
[Result "0-1"]
[WhiteElo "2335"]
[BlackElo "2505"]

1.e4 c5 2.Nf3 e6 3.Nc3 a6 4.d4 cxd4 5.Nxd4 Qc7 6.Bd3 Nc6 7.Nb3 Nf6 8.f4 d5
9.e5 Nd7 10.O-O Be7 11.Be3 g6 12.Ne2 Nb6 13.Bxb6 Qxb6+ 14.Kh1 Bd7 15.c3 h5
16.Qd2 h4 17.h3 O-O-O 18.Nbd4 Rdg8 19.b4 g5 20.b5 Nxd4 21.Nxd4 a5 22.fxg5 Bxg5
23.Qe2 Rg7 24.a4 Rhg8 25.Ra2 Be8 26.Qe1 Be7 27.Rf4 Kb8 28.Nf3 Rg3 29.Bf1 Ka7
30.Rc2 Bd8 31.c4 Qc5 32.Qf2 Qxf2 33.Rxf2 dxc4 34.Rxc4 Bb6 35.Rd2 Rxf3 36.gxf3 Rg1+
37.Kh2 Rxf1 38.Rc8 Be3 39.b6+ Kxb6 40.Rb2+ Ka7 41.Rxe8 Rxf3 42.Re7 Bb6 43.Rg2 Bd4
44.Re2 Rf4 45.Kg2 Bc5 46.Rc7 Kb6  0-1

[Event "Haarlem AKN op"]
[Site "Haarlem"]
[Date "1998.??.??"]
[Round "4"]
[White "Kozakov, Mikhail"]
[Black "Maes, Wim"]
[Result "1-0"]
[WhiteElo "2415"]
[BlackElo "2225"]

1.e4 c5 2.Nf3 e6 3.Nc3 a6 4.d4 cxd4 5.Nxd4 Qc7 6.Bd3 Nc6 7.Be3 Nf6 8.O-O Ne5
9.h3 Bc5 10.Kh1 d6 11.f4 Ng6 12.Qe2 b5 13.e5 dxe5 14.Ndxb5 axb5 15.Nxb5 Qb6
16.Bxc5 Qxc5 17.fxe5 Nxe5 18.b4 Qe7 19.Qxe5 O-O 20.Nd6 Rd8 21.Nxc8 Raxc8
22.b5 Rd5 23.Qe3 Qd6 24.a4 e5 25.Bf5 Re8 26.b6 e4 27.b7 Nh5 28.Ra3 Rb8 29.Rc3 g6
30.Bxe4 Re5 31.Rc8+ Re8 32.Bxg6 Ng3+ 33.Kg1 Rexc8 34.bxc8=Q+ Rxc8 35.Bxf7+ Kh8
36.Rf3 Qd1+ 37.Kh2 Nf1+ 38.Rxf1  1-0

[Event "NZD-ch105"]
[Site "Hamilton"]
[Date "1998.??.??"]
[Round "4.3"]
[White "Kulashko, Aleksei"]
[Black "Barlow, Matthew"]
[Result "1-0"]
[WhiteElo "2390"]
[BlackElo "2170"]

1.e4 c5 2.Nf3 e6 3.d4 cxd4 4.Nxd4 a6 5.Nc3 Qc7 6.f4 d6 7.Be3 Nf6 8.a4 Nc6
9.Be2 Be7 10.O-O O-O 11.Nb3 b6 12.Qe1 Rb8 13.Rd1 Rd8 14.Qg3 Bf8 15.Nd4 Nxd4
16.Bxd4 Be7 17.Kh1 Bb7 18.e5 Ne8 19.Qf2 g6 20.Bd3 Ng7 21.a5 bxa5 22.Ba7 dxe5
23.fxe5 Nf5 24.Bxb8 Rxb8 25.Qf4 Bc5 26.Bxf5 exf5 27.e6 Qxf4 28.exf7+ Kxf7
29.Rxf4 Ke6 30.Rc4 Bd6 31.b3 h5 32.Ne2 Be4 33.Nd4+ Kd7 34.Nf3 Ke7 35.Ng5 Ba8
36.Re1+ Kf6 37.Re6+ Kxg5 38.h4+ Kh6 39.Rxd6 Re8 40.Rd2 Re6 41.Rcd4 Re3 42.Kg1 Bc6
43.Kf2 Re7 44.Rd6 Rc7 45.R2d4 Bb5 46.c4 Bc6 47.Re6 Rc8 48.Rdd6 Be8 49.Rxa6 a4
50.bxa4 Bf7 51.Rec6 Rb8 52.Rab6 Ra8 53.Rc7 Bg8 54.a5 Rxa5 55.Rb8 Ra2+ 56.Kf3 Ra3+
57.Kf4 Bh7 58.Rh8  1-0

[Event "Capablanca mem 33th Premier+"]
[Site "Havana"]
[Date "1998.??.??"]
[Round "?"]
[White "Perez, Rodney"]
[Black "Vilela, Jose Luis"]
[Result "1-0"]
[WhiteElo "2395"]
[BlackElo "2420"]

1.e4 c5 2.Nf3 e6 3.d4 cxd4 4.Nxd4 a6 5.Nc3 b5 6.Bd3 Qb6 7.Nde2 Nc6 8.O-O Nf6
9.Bg5 b4 10.Nb1 Bb7 11.Nd2 Ne5 12.Ng3 Rc8 13.Nf3 Nfg4 14.Nxe5 Nxe5 15.Kh1 Bc5
16.Nh5 O-O 17.f4 Nxd3 18.Bf6 Bd4 19.Bxg7 f5 20.Bxf8 Nxb2 21.Qe1 Rxf8 22.e5 Kh8
23.Qh4 Qd8 24.Nf6 Rf7 25.Rad1 Nxd1 26.Rxd1 Bc5 27.h3 Rg7 28.Rd2 Qa8 29.Kh2 Be7
30.Qh6 Bxg2 31.Rxd7 Bf1 32.Nd5 Qf8 33.Nxe7 Rxe7 34.Qxf8+  1-0